00290nam a22001097a 4500020001500000082001200015100002900027245004800056260004100104300001000145650002500155 a0800627822 a291 SMI aSmith, Wilfered Cantwell aWhat Is Scripture? : A comparative Approach aU.S.AbAlbeny N.Y. Sunny Pressc1980 a381 P aComparative Religion